Responses for Show #7450 - Friday, January 20, 2017

WE ASKED: Anderson Cooper.

Contestants

[<< previous game]

Hardy Clervil, a customer service manager from Brooklyn, New York

Cathy Harding, a newspaper reporter and substitute teacher from Deer Lodge, Montana

Neil Uspal, a pediatric emergency medicine physician from Seattle, Washington (whose 1-day cash winnings total $19,400)

[next game >>]

Jeopardy! Round responses

IT'S ALL RELATIVE
PARTS OF SPEECH
MUST "C" TV
ALSO A CANDY BAR
STREETS
THE ART OF LEARNING AT RISD
(Alex: That's the Rhode Island School of Design.)
    $200 25
Jackie Kennedy

Hardy
    $200 13
a noun

Hardy
    $200 6
Chicago Fire

Neil
    $200 1
Three Musketeers

Cathy
    $200 11
Downing Street

Neil
    $200 16
tempera

Hardy
    $400 26
smallpox

Neil
    $400 15
preposition

Hardy
    $400 7
Castle

Cathy
    $400 2
(Cathy: What is Milky Way?)

5th Avenue

NeilCathy
    $400 12
Hollywood Boulevard

Cathy
    $400 17
a lathe

Hardy
    $600 27
Sherman

Neil
    $600 23
an interjection

Cathy
    $600 8
The Chew

Neil
    $600 3
Kit Kat

Hardy
    $600 14
(Neil: What is Broad?)

fourth street

Neil
Triple Stumper
    $600 18
silica

Hardy
    $800 28
Mussolini

Neil
    $800 24
(Cathy: What is an adverb?)
...
(Alex: Less than a minute to go.)

a conjunction

NeilCathy
    $800 9
(Hardy: What is My Crazy Ex-Girlfriend?)

Crazy Ex-Girlfriend

Hardy
Triple Stumper
    $1,000 4
(Alex: Breakfast of champions.)

snickers

Hardy
    $800 21
(Alex: Capital of Kenya.)

Nairobi

Hardy
    $800 19
plasma

Hardy
    $1000 29
[The end-of-round signal sounds.]

Lauren Bacall

Triple Stumper
    $1000 10
Conan

Neil
    $1000 5
Baby Ruth

Cathy
    $1000 22
(Hardy: What is Belfast?)

Sydney

Hardy
Triple Stumper
    $1000 20
(Cathy: What is biosynthetic?)
...
(Alex: And gosh, I envy Sarah.)
[Laughter]
(Alex: I wish I could have done those clues in her place. Sounds like fun.)

biomimicry

Cathy
Triple Stumper

Scores at the first commercial break (after clue 15):

Neil Cathy Hardy
$1,800 $1,600 $1,400

Scores at the end of the Jeopardy! Round:

Neil Cathy Hardy
$4,400 $400 $3,400

Double Jeopardy! Round responses

VIRGINIA FLORA & FAUNA
LITERARY HEROINES
MATH IN THE MOVIES
WORLD HISTORY
A LEAGUE OF THEIR OWN
"P"s AND "Q"s
(Alex: Each correct response will begin with the letter "P" and there will be a "Q" in there somewhere.)
    $400 26
a bear

Neil
    $400 15
Jane Eyre

Neil
    $400 8
infinity

Neil
    $400 21
BolĂ­var

Neil
    $400 1
the Ivy League

Neil
    $400 3
physique

Cathy
    $800 27
woodpecker

Hardy
    $800 16
Lisbeth

Triple Stumper
    $2,000 9
The Da Vinci Code

Neil
    $800 22
(Neil: What is Jalisco?)

Tabasco

NeilHardy
    $800 2
the NHL

Cathy
    $800 4
a prequel

Neil
    $1200 28
(Hardy: What is a shark?)

a turtle

CathyHardy
    $1200 17
steals

Triple Stumper
    $1200 10
a slide rule

Neil
    $1200 23
(Cathy: What is the Medici family?)

the Borgias

NeilCathy
    $1200 5
the Anti-Defamation League

Neil
    $1200 12
piquant

Hardy
    $1600 29
sassafras

Neil
    $1600 18
Elphaba

Hardy
    $1600 11
Little Man Tate

Cathy
    $2,000 24
(Neil: Who is Nicholas II?)

Ivan the Terrible

Neil
    $1600 6
the Iroquois Confederacy

Hardy
    $1600 13
parquet

Neil
    $2000 30
the cypress

Triple Stumper
    $2000 19
Antigone

Hardy
    $2000 14
Proof

Hardy
    $2000 25
(Alex: Less than a minute now.)

the Tamil Tigers

Hardy
    $2000 7
(Cathy: Who is Sotomayor?)
(Hardy: Who is Ginsburg?)
(Neil: Who is Kagan?)

Sandra Day O'Connor

NeilCathyHardy
Triple Stumper
    $2000 20
(Neil: What is horchata?)

pulque

Neil
Triple Stumper

Scores at the end of the Double Jeopardy! Round:

Neil Cathy Hardy
$9,200 $1,200 $12,200

[wagering suggestions for these scores]

Final Jeopardy! Round responses

WOMEN SINGERS
CathyWho is Dolly Parton?
$1,200
NeilWho Shania Twain
$3,200
HardyWho is Loretta Lynn?
$6,201
Dolly Parton

Final scores:

Neil Cathy Hardy
$6,000 $2,400 $5,999
2-day champion: $25,400 3rd place: $1,000 2nd place: $2,000

Game dynamics:

Coryat scores:

Neil Cathy Hardy
$10,000 $1,200 $12,000
21 R
(including 1 DD),
5 W
(including 1 DD)
9 R,
5 W
18 R
(including 1 DD),
4 W

Combined Coryat: $23,200

[game clues] [game scores] [suggest correction]

Game tape date: 2016-09-27
The J! Archive is created by fans, for fans. Scraping, republication, monetization, and malicious use prohibited; this site may use cookies and collect identifying information. See terms. The Jeopardy! game show and all elements thereof, including but not limited to copyright and trademark thereto, are the property of Jeopardy Productions, Inc. and are protected under law. This website is not affiliated with, sponsored by, or operated by Jeopardy Productions, Inc. Join the discussion at JBoard.tv.